Römische Rechtsquellen und angewandte Juristenmethode

Gorde:
Xehetasun bibliografikoak
Egile nagusia: Kaser, Max (Egilea)
Formatua: Liburua
Hizkuntza:alemana
Argitaratua: Viena Hermann Böhlaus 1986
Saila:Forschungen zum Römischen Recht, 36
Gaiak:
Etiketak: Etiketa erantsi
Etiketarik gabe, Izan zaitez lehena erregistro honi etiketa jartzen!

MARC

LEADER 00000nam a2200000 a 4500
001 UCR3572
003 CL-VaPUC
008 980128e19860000au |||||||||||||||||ger|d
082 0 4 |a 340.54  |b KAS  |2 21 
100 |a Kaser, Max  |e author  |9 402493 
245 1 0 |a Römische Rechtsquellen und angewandte Juristenmethode 
300 |a 424 p 
942 |c BK 
945 |d 19980128 00:00:00  |a cmena 
260 |a Viena  |b Hermann Böhlaus  |c 1986 
600 0 |a Cicerón, Marco Tulio  |e autor  |9 255203 
650 0 |a Derecho romano  |9 255930 
650 0 |a Derecho privado  |9 258243 
650 0 |a Derecho civil  |9 255013 
650 0 |a Obligaciones   |9 255578 
583 |a last modification  |c 20150511 05:19:19  |k Rodrigo Vera 
490 0 |a Forschungen zum Römischen Recht, 36 
999 |c 266629  |d 266627 
952 |0 0  |1 0  |4 0  |6 340_540000000000000_KAS_1986  |7 0  |8 DER_ROM  |9 298394  |a BIBDER  |b BIBDER  |d 2019-11-20  |i 1950517  |o 340.54 KAS 1986  |p 1950517  |r 2023-01-25  |w 2019-11-20  |x Ubicación 4to piso  |y BK  |z Este recurso debe solicitarse con anticipación  |k DER